00569cam a2200205 a 450000100070000000500170000700800410002401000170006502000150008204000230009704100080012004200080012806000220013608000130015808200170017110000060018810100080019424501100020250400510031272790620180813035300.0980820s1999 paua b 001 0 eng c a 98042248  a0781712106 aDNLM/DLCcDLCdDLC aeng apcc10aWS 421bN439 1999 a618.920100a618.9201221 a9 aPAT00aNeonatology :cedited by Gordon B. Avery, Mary Ann Fletcher, Mhairi G. MacDonald ; with 111 contributors. aIncludes bibliographical references and index.